[Event "V Trofeo Alfiere Magistrale"]
[Site "Roma ITA"]
[Date "1982.01.??"]
[Round "6"]
[White "Favale, Paolo"]
[Black "Gallo, Enrico"]
[Result "0-1"]
[WhiteElo "1900"]
[BlackElo "1900"]
[PlyCount "80"]
[EventDate "1982.01.16"]

1. e4 e6 2. d4 d5 3. e5 c5 4. c3 Nc6 5. Nf3 Qb6 6. Be2 cxd4 7. cxd4 Nh6 8. Nc3
Nf5 9. Na4 Bb4+ 10. Bd2 Qa5 11. Bc3 b5 12. a3 Bxc3+ 13. Nxc3 b4 14. axb4 Qxb4
15. Qa4 Bd7 16. Qxb4 Nxb4 17. Kd2 Ke7 18. g4 Nh6 19. h3 Rhb8 20. Na4 f6 21. Nc5
Nf7 22. Rhb1 Nc6 23. Nd3 a5 24. b4 fxe5 25. dxe5 Rb5 26. bxa5 Nxa5 27. Rxb5
Bxb5 28. Kc3 Bc4 29. Nd4 Bxd3 30. Bxd3 Nxe5 31. Bxh7 Rc8+ 32. Kb4 Rc4+ 33. Kxa5
Rxd4 34. Re1 Kd6 35. Bg8 Nc4+ 36. Kb4 e5 37. Kc3 Kc5 38. Re2 Rf4 39. Kc2 g5 40.
Be6 Rf3 0-1